[Event "47th Rilton Cup 2017"]
[Site "?"]
[Date "2018.01.04"]
[Round "8"]
[White "Antipov, Mikhail Al"]
[Black "Santos Latasa, Jaime"]
[Result "1-0"]
[WhiteElo "2588"]
[BlackElo "2536"]
[Annotator "TA"]
[PlyCount "67"]
[EventDate "2018.??.??"]
[EventType "swiss"]
[EventCountry "SWE"]
[SourceTitle "Stockholm"]

{[%evp 16,67,8,0,24,20,16,8,9,13,7,0,65,56,72,74,72,64,64,69,86,66,93,93,89,98,105,112,103,92,78,68,83,0,64,66,71,71,140,111,131,134,111,118,168,172,187,185,181,166,171,147,409,393]} 1. e4 c5 2. Nf3 e6 3. b3 b6 4. Bd3 (4. Bb2 Bb7 5. Bd3 Nc6 6. a3 Nf6 7. O-O d6 8. Re1 Be7 9. Bf1 O-O 10. d3 Nd7 11. Nbd2 Bf6 12. Bxf6 Nxf6 {1-0 (29) Kasimdzhanov,R (2683)-Ganguly,S (2650) Riadh 2017}) 4... Bb7 5. O-O Nc6 6. Re1 {B40: Sicilian: 2...e6, Unusual lines} d6 7. c3 Nf6 8. Bc2 Be7 9. a3 {LiveBook: 5 Games} O-O 10. d4 d5 11. e5 $1 {[%cal Re5f6]} Ne4 12. Bb2 f5 13. exf6 $1 Bxf6 ({Black should try} 13... gxf6 $11 14. b4 (14. Bxe4 dxe4 15. Rxe4 Ne5 $15) 14... f5) 14. Nbd2 $14 Nxd2 15. Qxd2 Qd6 16. Ng5 $146 ({Predecessor:} 16. Qe2 Rae8 17. Ne5 Bxe5 18. dxe5 Qc7 {½-½ (18) Bergstrom,R (2248)-Kantsler,B (2436) Hersonissos 2017}) 16... Bxg5 17. Qxg5 cxd4 18. cxd4 Qf4 19. Qxf4 Rxf4 20. Rxe6 Raf8 21. f3 Nxd4 22. Re7 R8f7 23. Re8+ Rf8 24. Re7 R8f7 $1 {[%cal Rf7e7]} 25. Rxf7 $1 Kxf7 26. Bd1 {Strongly threatening g3.} ({But not} 26. Bxh7 $6 Nxb3 27. Rb1 Nc5 $11) 26... Nc6 (26... Ke7 $142) 27. Rc1 Rh4 28. g3 Rh6 29. b4 {[%cal Bb3b4,Bb4b5][%mdl 32]} a6 30. a4 {[%cal Ba3a4,Ba4b5][%mdl 32] And now b5 would win.} Re6 {[#]} 31. b5 $1 {[%cal Rb5c6]} axb5 32. axb5 Na7 33. Ba4 g6 $2 {[%mdl 8192] [#]} (33... Re7 $16 {might work better.} 34. Bd4 Nc8) 34. Ba3 $1 {Precision: White = 83%, Black = 47%.} 1-0

[Event "47th Rilton Cup 2017"]
[Site "?"]
[Date "2018.01.04"]
[Round "8"]
[White "Kulaots, Kaido"]
[Black "Das, Sayantan"]
[Result "1-0"]
[WhiteElo "2579"]
[BlackElo "2442"]
[Annotator "TA"]
[PlyCount "85"]
[EventDate "2018.??.??"]
[EventType "swiss"]
[EventCountry "SWE"]
[SourceTitle "Stockholm"]

{[%evp 19,85,29,24,11,16,17,69,41,57,45,20,0,0,3,18,0,15,29,33,39,29,8,11,22,14,-12,84,77,54,58,199,83,271,258,220,170,225,148,131,103,94,99,119,131,139,122,133,122,206,209,195,195,279,273,284,279,281,191,557,557,551,550,688,686,653,647,588,576]} 1. d4 Nf6 2. c4 g6 3. Nc3 Bg7 4. e4 d6 5. Nf3 O-O 6. Be2 e5 7. O-O Nc6 8. d5 Ne7 9. b4 Ne8 10. c5 f5 11. Ba3 {E97: King's Indian: Classical Main Line (6...e5 7 0-0 Nc6): 8 Be3 and 8 d5 Ne7, not 9 Ne1} (11. a4 Nf6 12. Bg5 Nh5 13. g3 f4 14. Nd2 Nf6 15. Nc4 Bh3 16. Re1 Qd7 17. Nb5 fxg3 18. fxg3 Nxe4 19. Bxe7 Qxe7 {0-1 (37) Topalov,V (2749)-Nakamura,H (2780) Saint Louis 2017}) 11... Kh8 12. Nd2 Nf6 ({Black should try} 12... fxe4 $11 13. Ndxe4 Nf5) 13. b5 {White is slightly better.} (13. f3 {looks sharper.} a6 14. Qc2 b5 15. c6 Nh5 16. Nb3) 13... fxe4 14. Ndxe4 {[%cal Rc5d6]} Nexd5 $146 ({Predecessor:} 14... Nf5 15. Re1 Ne8 16. Bg4 Rf7 17. Rb1 Kg8 18. Bc1 h6 {1-0 (47) Vishnu,P (2469)-Akash,G (2404) Kolkata 2012}) 15. cxd6 Nxc3 16. Nxc3 {[#] And now dxc7 would win.} cxd6 17. Qxd6 Bf5 18. Qb4 ({Not} 18. Qxe5 $2 Ne4 $19) 18... e4 19. Qb3 Re8 20. Rfd1 Qa5 21. Bb4 Qc7 22. b6 Qf4 (22... Qxb6 $11 {keeps the balance.} 23. Rd6 Be6) 23. Bd6 $16 Qg5 24. bxa7 e3 (24... Rxa7 $14 25. Nb5 Ra5) 25. f3 (25. f4 $18 {is more deadly.} Qh6 26. Be5 (26. Qxb7 Ng4 $18)) 25... Nh5 $2 {[#]} (25... Rxa7 $16 26. Rac1 Bd7) 26. Rac1 $18 Rxa7 27. Qb4 Bh3 (27... Be6 $142) 28. g3 Qa5 29. Bb5 $40 {[%mdl 128] White has strong attack.} Qxb4 30. Bxb4 Rea8 31. a4 Bf8 32. Bd6 Bxd6 33. Rxd6 Rf8 (33... Rc8 $16) 34. Ne4 Bf5 35. Re1 Bxe4 (35... Raa8 {was called for.} 36. Rxe3 Rac8) 36. fxe4 {[%cal Bf3e4,Be4e5,Be5e6][%mdl 32]} Raa8 37. Rxe3 Rac8 38. Rd1 Nf6 $2 (38... Rf7 {is tougher.} 39. e5 Re7) 39. e5 {White is clearly winning.} Ng4 40. Re2 Rf7 41. e6 Re7 42. Rd7 Rce8 43. Rd4 {Precision: White = 56%, Black = 32%.} 1-0

[Event "47th Rilton Cup 2017"]
[Site "?"]
[Date "2018.01.04"]
[Round "8"]
[White "Liang, Awonder"]
[Black "Lobanov, Sergei"]
[Result "1/2-1/2"]
[WhiteElo "2573"]
[BlackElo "2441"]
[Annotator "TA"]
[PlyCount "72"]
[EventDate "2018.??.??"]
[EventType "swiss"]
[EventCountry "SWE"]
[SourceTitle "Stockholm"]

{[%evp 14,72,14,12,16,30,20,3,31,25,34,24,33,37,29,0,0,0,0,0,14,18,15,27,44,43,65,67,64,46,51,51,43,22,25,0,0,0,0,0,0,0,24,28,62,0,0,0,25,16,19,0,0,0,0,0,0,0,0,0,0]} 1. e4 c6 2. Nc3 d5 3. Nf3 Bg4 4. h3 Bxf3 5. Qxf3 e6 6. d3 Nd7 7. Bd2 Bc5 {B11: Caro-Kann: Two Knights Variation} (7... g6 8. h4 h5 9. g3 Bh6 10. Bxh6 Nxh6 11. Bh3 d4 12. Ne2 Ne5 13. Qf4 Qa5+ 14. Kf1 O-O-O 15. Kg2 {0-1 (60) Kuzubov,Y (2643)-Jobava,B (2701) Moscow 2017}) 8. O-O-O {LiveBook: 5 Games} Qf6 9. Qxf6 Ngxf6 {White has an edge.} 10. f4 h5 11. Be2 $146 ({Predecessor:} 11. g3 Bf2 12. e5 Ng8 13. Ne2 Ne7 14. Bg2 Nf5 15. g4 {0-1 (64) Balaian,A (2261)-Guseva,M (2410) Kaliningrad 2015}) 11... h4 12. Bf3 g6 13. Kb1 O-O-O 14. Ne2 dxe4 15. dxe4 e5 16. Nc1 Rde8 17. Nd3 {[#] fxe5 is the strong threat.} Bd6 18. fxe5 Nxe5 19. Bg5 Ng8 20. Nxe5 Bxe5 21. Bg4+ Kb8 22. Rd7 f6 23. Bc1 Ne7 24. a4 Nc8 25. a5 Rd8 26. Rhd1 Nd6 27. Re7 Nxe4 {[#]} 28. a6 $1 {[%mdl 512]} bxa6 29. Rdd7 (29. Be3 $14) 29... Rxd7 $11 30. Bxd7 c5 31. Be3 Rd8 {The position is equal.} 32. Bc6 Rd1+ 33. Ka2 Re1 34. Bxe4 Rxe3 35. Bxg6 Re2 36. Rh7 Rxg2 {Precision: White = 72%, Black = 81%.} 1/2-1/2

[Event "47th Rilton Cup 2017"]
[Site "?"]
[Date "2018.01.04"]
[Round "8"]
[White "Chigaev, Maksim"]
[Black "Santos Ruiz, Miguel"]
[Result "1-0"]
[WhiteElo "2555"]
[BlackElo "2509"]
[Annotator "TA"]
[PlyCount "207"]
[EventDate "2018.??.??"]
[EventType "swiss"]
[EventCountry "SWE"]
[SourceTitle "Stockholm"]

{[%evp 27,207,29,16,19,19,19,28,12,23,18,22,7,6,3,10,-11,11,8,8,3,7,0,0,0,14,14,11,0,0,0,0,0,38,38,28,39,70,69,78,79,87,86,71,85,78,37,37,37,37,37,37,37,37,37,38,37,37,25,41,36,56,37,37,29,48,35,56,56,56,53,61,56,70,56,64,56,62,56,56,56,56,56,64,56,56,56,56,56,56,56,56,49,70,39,50,45,78,81,93,48,76,51,51,59,76,17,22,13,35,0,0,0,0,0,0,0,0,0,0,0,0,0,0,0,0,0,0,0,0,0,0,0,0,0,0,0,0,0,0,0,0,0,0,0,0,0,0,0,0,0,0,0,0,0,0,0,0,0,0,0,0,0,0,0,0,0,0,0,0,0,0,0,12851,12851,29988,29986,29986,29987,29987,29988,12851,12851]} 1. e4 c5 2. Nf3 d6 3. d4 cxd4 4. Nxd4 Nf6 5. Nc3 a6 6. Be3 e5 7. Nf3 Be7 8. Bc4 O-O 9. O-O Nc6 10. Bb3 Be6 11. Qe2 Na5 12. Rfd1 Qc7 13. Bg5 {B56: Classical Sicilian: Unusual Lines} (13. Nd5 Nxd5 14. Bxd5 Rac8 15. c3 Nc4 16. h3 Kh8 17. Bg5 Bxd5 18. Rxd5 f6 19. Be3 f5 20. exf5 Rxf5 {1-0 (36) Andriasian,Z (2585)-Sadzikowski,D (2584) Katowice 2017}) 13... Rac8 14. Rac1 Nxb3 {LiveBook: 8 Games} 15. cxb3 {The position is equal.} Qb8 16. Rd3 $146 ({Predecessor:} 16. Qd3 Rfd8 17. Bxf6 Bxf6 18. Nd5 Bxd5 19. Qxd5 g6 20. g3 Kg7 21. b4 Rxc1 22. Rxc1 Rc8 23. Rc3 b5 24. Kg2 Rxc3 25. bxc3 Qc7 26. Qd3 Qc6 {½-½ (26) Korinek,J (1832)-Varend,E (1851) LSS email 2011}) 16... Rc6 17. Rcd1 b5 18. Bxf6 Bxf6 19. Nd5 Bd8 20. Nb4 Rb6 21. Ne1 {[%cal Bf3e1,Be1c2,Bc2e3][%mdl 32]} a5 22. Nd5 Rc6 23. Nc2 f5 24. exf5 Bxf5 25. Rc3 Qb7 26. Nce3 Be6 27. Rxc6 Qxc6 28. Nc3 b4 29. Qb5 $36 {[%mdl 2048] White is pushing.} Bd7 30. Qd5+ Qxd5 31. Ncxd5 Kf7 32. Nc4 Ke6 {[#]} 33. Ndb6 $1 Be7 34. Nxd7 Kxd7 35. Nxe5+ $1 $16 {[%mdl 4096] Endgame KRB-KRN} ({Much worse is} 35. Nxa5 $6 Ra8 $11) 35... Ke6 36. Nc6 {Re1+ is the strong threat.} Bf6 37. Nxa5 {Strongly threatening Nc6.} Ra8 38. Nc4 d5 39. Nb6 Rxa2 40. Nxd5 Rxb2 41. Nxb4 ({Much weaker is} 41. Nxf6 gxf6 42. Kf1 Rxb3 $11) 41... Rxb3 42. Nd3 {[#] aiming for Nc5+.} (42. Nc2 {looks sharper.} h5 43. g3 g5 44. Kg2 Rb2 45. Ne3) 42... Ra3 43. Kf1 Ra2 44. Nf4+ Kf5 45. g3 Be5 46. Nd5 Bf6 47. Kg2 Ke6 48. Rd3 Rb2 49. Kf3 Kf7 50. Ne3 Ke6 51. Nc4 Rc2 52. Nd2 Ra2 53. Ne4 Be7 54. Rb3 Ra7 55. Rb6+ Kf7 56. h4 g6 57. Rc6 Rd7 58. Kf4 Ra7 59. Nc3 Rd7 60. Ke4 Rd2 61. f4 Rd7 62. Nd5 Bd8 63. Ra6 Kg7 64. Ne3 Re7+ 65. Kd4 Rb7 66. Ng4 (66. Nd5 $16) 66... Rb3 $11 67. Ra7+ Kf8 68. Kd5 Rxg3 69. Ne5 Bxh4 70. Rxh7 Kg8 71. Rxh4 {KRN-KR} (71. Ra7 {with more complications.} Rg1 72. Ra6 Kg7 73. Rc6 Rd1+ 74. Ke6) 71... g5 72. fxg5 (72. Rh6 {feels hotter.} gxf4) 72... Rxg5 73. Ke6 Kg7 74. Rf4 Rg1 75. Rf3 Rg2 76. Rf1 Ra2 77. Rg1+ Kh6 78. Rg3 Kh5 79. Kf5 {[%cal Rg3h3]} Kh4 80. Rf3 {Threatening mate with Ng6+.} (80. Rg7 {seems wilder.} Ra4 81. Rg5 Ra5 82. Rg6 Ra3 83. Rg8) 80... Ra5 81. Rb3 Rd5 82. Rb4+ Kg3 83. Rg4+ Kf2 84. Ke4 Rd8 85. Nd3+ Ke2 86. Rg2+ Kd1 87. Nb2+ (87. Ne5 {is more complex.} Kc1 88. Ke3 Kb1 89. Rh2 Ka1 90. Nd3) 87... Kc1 88. Nc4 Kb1 89. Ke3 Rd7 90. Na5 Rd8 91. Nc6 Rc8 (91... Rd1 {feels hotter.} 92. Nb4 Rd8 93. Nd3 Rd7 94. Rb2+ Ka1) 92. Nb4 Rd8 93. Nd3 Rd7 94. Rb2+ Ka1 95. Rb5 Ka2 96. Kd2 {And now Kc2 would win.} Rh7 97. Kc3 {Intending Nc1+ and mate.} Rc7+ 98. Nc5 {Hoping for Kc2.} Rh7 99. Rb8 Rc7 $2 {[%mdl 8192]} (99... Re7 $11) 100. Rb2+ $18 Ka1 101. Rb5 Ka2 102. Kc2 {[%cal Rb5a5]} Ka3 103. Kb1 {[%csl Gc5][%cal Rb5b3]} Rb7 104. Nxb7 {Precision: White = 59%, Black = 70%.} 1-0

[Event "47th Rilton Cup 2017"]
[Site "?"]
[Date "2018.01.04"]
[Round "8"]
[White "Kotronias, Vasilios"]
[Black "Aravindh, Chithambaram VR"]
[Result "0-1"]
[WhiteElo "2524"]
[BlackElo "2586"]
[Annotator "TA"]
[PlyCount "122"]
[EventDate "2018.??.??"]
[EventType "swiss"]
[EventCountry "SWE"]
[SourceTitle "Stockholm"]

{[%evp 30,122,0,0,0,0,0,0,0,0,0,0,0,-39,0,-31,0,-12,18,1,76,80,101,86,83,83,79,85,83,0,0,0,0,0,0,0,0,-52,0,-6,-9,-56,-53,-58,-54,-81,-63,-134,-136,-141,-137,-183,-169,-207,-190,-233,-247,-233,-235,-210,-8,-8,-8,-8,-8,-8,-8,-8,-8,-8,-8,-19,-8,-32,-22,-49,-38,-4714,-4714,-1662,-92,-228,-228,-611,-604,-29970,-29971,-29972,-29973,-29977,-29979,-29978,-29980,-29980,-29980]} 1. e4 e6 2. d4 d5 3. Nd2 c5 4. Ngf3 cxd4 5. exd5 Qxd5 6. Bc4 Qd6 7. O-O Nf6 8. Nb3 Nc6 9. Nbxd4 Nxd4 10. Nxd4 a6 11. Re1 Qc7 12. Bf1 {C07: French Tarrasch: 3...c5, 4 Ngf3 and 4 exd5 Qxd5} Bd6 13. Nf5 Bxh2+ 14. Kh1 Kf8 15. Qd4 exf5 {[#]} 16. Qxf6 $1 {[%mdl 512] LiveBook: 7 Games} h5 (16... gxf6 17. Bh6+) (16... h6 17. Qd4 Bd6 18. Bd2 Be6 19. Bc3 Rh7 {0-1 (48) Karjakin,S (2781)-Caruana,F (2808) Paris 2017}) 17. Qd4 Bd6 18. Bc4 Bd7 19. b3 $146 {[%mdl 128] Black needs to defend precisely.} ({Predecessor:} 19. Bd2 Re8 {½-½ (57) Canibal,J (2277)-Sowden,E (2304) ICCF email 2011}) 19... Re8 (19... Qc5 $6 20. Rd1 $16) 20. Bb2 {[%csl Gb2][%cal Rd4g7]} Rh7 21. Bd5 (21. Red1 Bc5 $17) 21... h4 22. c4 Bc5 23. Qd2 Qd6 24. Bc3 Qh6 (24... Be6 $11) 25. Rxe8+ $16 Bxe8 26. Qe2 $1 h3 {[#] ( -> ...hxg2+)} 27. g3 $1 Bc6 28. b4 Be7 (28... Bd6 29. Bxc6 bxc6 30. c5 $16) 29. Rd1 (29. Qe5 $16 Bxd5+ 30. cxd5) 29... Bxd5+ $11 30. cxd5 Qh5 31. Qxh5 Rxh5 {[%mdl 4096] Endgame KRB-KRB} 32. d6 {Strongly threatening Bxg7+!} Bd8 $1 33. Rd5 (33. Kh2 $11) 33... Ke8 (33... f6 $15) 34. d7+ (34. Bxg7 $2 f6 $19) 34... Ke7 $1 35. g4 (35. Bxg7 $2 f6 $19) 35... Rh4 36. gxf5 f6 37. Bd4 Bc7 38. a3 (38. b5 $15 axb5 39. d8=Q+ Bxd8 40. Bc5+ Ke8 41. Bd6) 38... Kd8 $17 39. Be3 Rc4 {...Rc3 is the strong threat.} 40. b5 {[#]} Rc3 $1 {[%cal Rc3a3]} 41. b6 Be5 42. Rd1 a5 (42... Rxa3 $2 43. Bc5 $18) 43. a4 Rc4 44. Kg1 Bf4 $2 ({Stronger than} 44... Rxa4 45. Bc5 $16) (44... Bb8 $19 {Black wants to play ...Be5.} 45. f3 Rc2) 45. Bxf4 $11 Rxf4 {KR-KR} 46. Rc1 $1 Kxd7 47. Rc7+ Kd6 48. Rxb7 Kc6 ({Don't play} 48... Rxa4 49. Rxg7 Rb4 50. Kh2 $17) 49. Rxg7 Kxb6 50. Rh7 $1 Kc5 {Threatens to win with ...Kb4.} ({Much less strong is} 50... Rxa4 51. Rh6 $17) (50... Rxf5 51. Rxh3 Rf4 52. Rh6 $17) (50... Rf3 {seems wilder.} 51. Rh6 Rxf5 52. Rxh3 Rf4 53. Rh6 Kc5) 51. Rh6 Rxf5 {And now ...Rf4 would win.} 52. Rxh3 Rf4 {White must now prevent ...Kb4.} 53. Rb3 $2 {[%mdl 8192]} (53. Kg2 $15) 53... Rxa4 $19 54. Rf3 Rg4+ $2 (54... Rc4 $19 {is more deadly.} 55. Rf5+ Kb4 56. Rxf6 a4 57. Rb6+ Kc3) 55. Kf1 (55. Kh2 $17) 55... a4 {[%cal Ba5a4,Ba4a3][%mdl 32]} 56. Rxf6 $2 (56. Ke2) 56... a3 57. Ra6 Kb4 {Black mates.} 58. Ke2 Kb3 59. Kd3 a2 60. Rxa2 Kxa2 61. Ke3 Rb4 {Precision: White = 36%, Black = 62%.} 0-1

[Event "47th Rilton Cup 2017"]
[Site "?"]
[Date "2018.01.04"]
[Round "8"]
[White "Valsecchi, Alessio"]
[Black "Koykka, Pekka"]
[Result "1-0"]
[WhiteElo "2501"]
[BlackElo "2367"]
[Annotator "TA"]
[PlyCount "105"]
[EventDate "2018.??.??"]
[EventType "swiss"]
[EventCountry "SWE"]
[SourceTitle "Stockholm"]

{[%evp 16,105,47,20,23,-40,-44,-81,27,27,24,35,20,22,29,28,35,32,39,41,34,22,25,21,29,0,0,-10,0,0,0,-5,0,-58,-66,-64,-65,-143,-129,-165,-170,-187,-183,-119,0,0,0,0,0,0,0,0,0,0,37,37,37,41,44,23,26,2,12,8,15,10,213,213,213,213,207,208,206,187,133,136,193,186,348,179,435,421,647,433,827,818,816,8,3092,2031,5065,5065]} 1. c4 f5 2. Nc3 Nf6 3. Nf3 d6 4. g3 g6 5. d4 Bg7 6. Bg2 O-O 7. O-O Qe8 8. Re1 Qf7 9. d5 Ne4 {A87: Dutch Defence: Leningrad System: 5 Nf3} 10. Nd4 (10. Ng5 $11 Nxc3 11. bxc3) (10. Ng5 Nxc3 11. bxc3 Qf6 12. Rb1 Na6 13. Ne6 Bxe6 14. dxe6 Nc5 15. Be3 f4 16. Bxc5 dxc5 17. Bxb7 {½-½ (52) Hayrapetyan,H (2498)-Plat,V (2520) Yerevan 2017}) 10... c5 $15 11. Ne6 Bxe6 (11... Bxc3 $17 12. bxc3 Bxe6 13. dxe6 Qxe6) 12. dxe6 $11 Qxe6 13. Nxe4 fxe4 14. Qc2 $146 ({Predecessor:} 14. Qd5 Qxd5 15. cxd5 Na6 16. Bxe4 c4 17. Rb1 {0-1 (40) Tummes,B-Borngaesser,R (2365) Castrop-Rauxel 1990}) 14... Nc6 15. Qxe4 Qxe4 16. Bxe4 Rab8 17. Rb1 Rfc8 18. Bd2 b5 19. cxb5 Rxb5 20. Bc3 Rb6 21. f4 e6 22. Bg2 d5 23. Bh3 Nb4 24. a3 (24. Bxb4 $11 cxb4 25. e4) 24... Nc2 $15 25. Rec1 Nd4 26. Re1 (26. Kf2 $15) 26... Kf7 27. Kf2 {[#]} Nb3 $1 28. Bxg7 Kxg7 29. Red1 {and if Rxd5 works, White does fine.} Kf6 ({Black should try} 29... Rd8 $17 30. e4 c4) 30. Rxd5 $1 $11 exd5 31. Bxc8 {[%mdl 4096] Endgame KRB-KRN} Nd2 32. Rd1 Rxb2 {And now ...c4 would win.} 33. Ke1 Ne4 {...Nc3 is the strong threat.} 34. Rxd5 Rxe2+ 35. Kxe2 Nc3+ 36. Kd3 Nxd5 $14 {KB-KN} 37. Bb7 Nb6 38. Be4 h6 39. h4 {[%cal Bh2h4,Bh4h5][%mdl 32]} Nc8 40. g4 g5 $2 (40... Nd6 $11 {and Black is okay.}) 41. fxg5+ $18 hxg5 42. h5 Nd6 43. Bg6 Kg7 {[#]} 44. Kc3 $1 Kf6 ({Better is} 44... a5 $18 45. Bd3 Nf7) 45. Kb3 $16 Kg7 (45... a5 $16 46. Bd3 Nf7) 46. Bd3 $18 Nf7 $2 (46... Kf6 47. Bc4 Ne4) 47. Ka4 Nd6 $2 (47... Ne5 48. Bf5 a6) 48. Ka5 Kh6 (48... Kf6 $142 49. a4 c4) 49. a4 {[%cal Ba3a4,Ba4a5][%mdl 32]} Kg7 (49... Nf7 $142 50. Kb5 Ne5) 50. Ka6 c4 51. Bg6 $2 (51. Bc2 $18 c3 52. Kxa7) 51... Nc8 $2 {[%mdl 8192]} (51... Nf7 $11) 52. a5 c3 53. Bb1 {Precision: White = 64%, Black = 34%.} 1-0

[Event "47th Rilton Cup 2017"]
[Site "?"]
[Date "2018.01.04"]
[Round "8"]
[White "Usmanov, Vasily"]
[Black "Grandelius, Nils"]
[Result "0-1"]
[WhiteElo "2467"]
[BlackElo "2647"]
[Annotator "TA"]
[PlyCount "88"]
[EventDate "2018.??.??"]
[EventType "swiss"]
[EventCountry "SWE"]
[SourceTitle "Stockholm"]

{[%evp 16,88,15,-1,17,14,8,-8,0,0,0,-11,0,0,0,0,0,-45,-52,-39,-28,-34,-26,-92,-76,-242,-233,-215,-198,-272,-248,-243,-230,-366,-368,-372,-257,-1337,-268,-266,-262,-267,-264,-267,-267,-298,-301,-294,-273,-323,-320,-394,-393,-386,-371,-492,-470,-584,-584,-583,-572,-596,-591,-613,-516,-857,-810,-5019,-1200,-6079,-6079,-5635,-5189,-4818,-844]} 1. Nf3 d5 2. e3 Nf6 3. c4 e6 4. b3 Bd6 5. Bb2 O-O 6. d4 b6 7. Bd3 Bb7 8. O-O dxc4 {E14: Queen's Indian: Classical Variation (4 e3)} (8... Nbd7 9. Nc3 Re8 10. cxd5 exd5 11. Rc1 a6 12. Ne2 Ne4 13. Ng3 g6 14. Qc2 Qe7 15. Ne5 Nxg3 16. hxg3 Nf6 17. Qe2 {½-½ (24) Malakhov,V (2690)-Wang,H (2690) China 2017}) 9. Bxc4 {LiveBook: 3 Games} a6 10. Qe2 $146 ({Predecessor:} 10. Nbd2 c5 11. Qe2 cxd4 12. Nxd4 Nbd7 13. Rfd1 Qb8 14. N4f3 e5 15. e4 Nc5 {½-½ (41) Prakash,G (2400)-Vijayalakshmi,S (2325) Kolkata 1999}) 10... Nbd7 {The position is equal.} 11. Rd1 c5 12. dxc5 Nxc5 13. Nc3 Qb8 14. b4 Ncd7 15. b5 a5 16. e4 Ne5 {Strongly threatening ...Nxf3+.} 17. Rxd6 Qxd6 18. Nxe5 $1 Qxe5 19. Re1 (19. Nd5 $1 $11 {keeps the balance.} Qxe4 20. Qxe4 Nxe4 21. Nxb6) 19... Qc7 20. e5 $2 {[#]} (20. Bb3 $17) 20... Nd7 $1 $19 {[%cal Bf6d7,Bd7f8,Bf8g6][%mdl 32]} 21. Bd3 Rfd8 22. Qh5 (22. Na4 {keeps fighting.}) 22... Nf8 23. Re3 {intending Bxh7+!} Ng6 24. Rh3 (24. Bxg6 {might work better.} hxg6 25. Qh4) 24... h6 {And now ...Nf4 would win.} 25. Bxg6 {Bd3 is the strong threat.} fxg6 26. Qxg6 $2 {[#]} (26. Qe2) 26... Qxe5 $2 (26... Qxc3 $1 {[%cal Rc3e1][%mdl 512]} 27. Qxe6+ (27. Bxc3 Rd1+) 27... Kf8 28. Qf5+ Ke7) 27. Re3 Qf5 28. Qxf5 exf5 29. h4 Re8 30. Na4 Rxe3 31. fxe3 {[%mdl 4096] Endgame KRB-KBN} Rc8 32. Nxb6 Rc2 $1 {[%csl LRb2,LRg2]} 33. Bd4 Rxg2+ 34. Kf1 Rxa2 35. Nc4 {[#]} f4 $1 {Black is clearly winning.} 36. Nd6 (36. exf4 Ra4) 36... Bg2+ 37. Kg1 fxe3 38. Bxe3 a4 {[%cal Ba5a4,Ba4a3,Ba3a2][%mdl 32]} 39. b6 Bd5 40. Bd4 (40. Nb5 $142) 40... a3 41. b7 {[#]} Bxb7 $1 42. Nxb7 Rd2 43. Bc3 a2 44. Na5 Rd1+ {Precision: White = 26%, Black = 74%.} (44... Rd3 $142 45. Be5 Rd5) 0-1

[Event "47th Rilton Cup 2017"]
[Site "?"]
[Date "2018.01.04"]
[Round "8"]
[White "Dragnev, Valentin"]
[Black "Ivanov, Sergey"]
[Result "1/2-1/2"]
[WhiteElo "2458"]
[BlackElo "2540"]
[Annotator "TA RC"]
[PlyCount "122"]
[EventDate "2018.??.??"]
[EventType "swiss"]
[EventCountry "SWE"]
[SourceTitle "Stockholm"]

{[%evp 16,122,13,0,0,9,25,32,23,9,6,16,34,5,18,13,14,12,39,12,41,34,35,23,22,0,0,0,0,0,0,0,0,0,0,-50,-49,-55,-54,-64,-58,-64,-57,-56,-43,-56,-11,-11,-3,-16,-4,-20,-12,-33,-30,-39,0,0,0,0,0,-4,-5,-5,-1,-104,-77,-119,-110,-69,-22,-106,0,0,0,0,0,-650,-616,-596,-517,-1417,-724,-394,0,0,0,0,0,0,0,0,0,0,0,0,0,0,0,0,0,0,0,0,0,0,0,0,0]} 1. e4 e6 2. d4 d5 3. Nd2 c5 4. Ngf3 cxd4 5. Nxd4 Nf6 6. exd5 Nxd5 7. N2f3 {C07: French Tarrasch: 3...c5, 4 Ngf3 and 4 exd5 Qxd5} Bb4+ 8. Bd2 O-O 9. c3 {LiveBook: 5 Games} Bd6 10. Bd3 Bd7 $146 ({Predecessor:} 10... Nc6 11. Nxc6 bxc6 12. Qc2 f5 13. O-O-O Rb8 14. c4 Nb4 15. Bxb4 Rxb4 {1-0 (68) Demchenko,A (2645)-Baklan,V (2601) Linares 2017}) 11. O-O Nc6 12. Re1 Nxd4 13. Nxd4 Rc8 14. Qh5 {[%csl Gd3][%cal Rh5h7] [#]} g6 15. Qf3 Qf6 16. Be4 Qxf3 17. Bxf3 (17. Nxf3 {feels hotter.} Nf6 18. Bc2 Bb5 19. a4 Bc6 20. Ne5) 17... Nf6 18. Rad1 b6 19. Bh6 Rfd8 20. Nf5 Bxh2+ 21. Kxh2 gxf5 22. Rd4 Bb5 23. Red1 Rxd4 24. Rxd4 Bc4 25. Kg3 e5 26. Rd6 $1 {[%cal Rd6f6]} Be6 27. a4 Ne8 28. Rd1 f6 29. Kh2 Kf7 30. a5 Ke7 31. axb6 axb6 32. Ra1 f4 33. Ra6 b5 34. Bf8+ Kxf8 35. Rxe6 $15 {[%mdl 4096] Endgame KRB-KRN} Kf7 36. Rb6 Rc5 37. Be4 h6 38. Kh3 Ke7 39. Rb7+ Ke6 40. Rh7 (40. Bh7 $11) 40... Nd6 $17 41. Bb1 Nc4 42. Ba2 e4 43. Kg4 (43. Rxh6 $11 Rg5 44. Kh2) 43... e3 ({Black should play} 43... Rf5 $17 {White must now prevent ...h5+!} 44. Rxh6 Ke5) 44. fxe3 $11 fxe3 {[%cal Bf4e3,Be3e2][%mdl 32] ...e2 is the strong threat.} 45. Bxc4+ $1 bxc4 46. Rxh6 $2 {[%mdl 8192] KR-KR} (46. Kf3 $11) 46... e2 $19 47. Rh1 {[#]} Rb5 $1 {[%cal Rb5b2]} 48. Re1 (48. Kf3 $142 Rxb2 49. Re1) 48... Rxb2 49. Kf4 f5 $2 (49... Kd5 $19 50. Ke3 Rc2 51. Rxe2 Rxc3+ 52. Kd2 Rd3+ 53. Kc1 Rc3+ 54. Kd2 Ra3) 50. g4 $11 {The position is equal.} fxg4 51. Kxg4 Ke5 52. Kf3 Rd2 53. Ke3 (53. Ra1 {seems wilder.} Rd3+ 54. Kf2 e1=Q+ 55. Rxe1+) 53... Rc2 54. Kf3 Kd5 ({Don't do} 54... Rxc3+ 55. Kxe2 Ra3 56. Rd1 $17) 55. Ke3 Rb2 ({Don't play} 55... Rxc3+ 56. Kxe2 Ra3 57. Rd1+ Ke4 58. Rd8 $17) 56. Kf3 Rd2 57. Ke3 Rc2 58. Kf3 Kc5 59. Rb1 Rd2 {And now ...Rd1 would win.} (59... Rxc3+ $2 60. Kxe2 Rb3 61. Ra1 $17) 60. Re1 $1 Rb2 61. Rxe2 Rxe2 {Precision: White = 62%, Black = 62%.} 1/2-1/2